Т. 39, № 5/6; Известия вузов. Приборостроение; Проблемы оптики и механики в современных высоких технологиях и медицинском приборостроении

Dades bibliogràfiques
Parent link:Известия вузов. Приборостроение: научно-технический журнал/ Санкт-Петербургский институт точной механики и оптики (Технический университет). Т. 39, № 5/6.— , 1958-1991, 1993-.— 0021-3454
Idioma:rus
Publicat: 1996
TOC:Проблемы оптики и механики в современных высоких технологиях и медицинском приборостроении;
Format: MixedMaterials Llibre
KOHA link:https://koha.lib.tpu.ru/cgi-bin/koha/opac-detail.pl?biblionumber=500125

MARC

LEADER 00000nam2a2200000 4500
001 500125
005 20231101101832.0
035 |a (RuTPU)RU\TPU\prd\170140 
035 |a RU\TPU\prd\170139 
090 |a 500125 
100 |a 20130311a19969999k y0rusy50 ca 
101 0 |a rus 
102 |a RU 
200 0 |a Т. 39, № 5/6 
210 |d 1996 
461 1 |0 (RuTPU)RU\TPU\prd\1504  |x 0021-3454  |t Известия вузов. Приборостроение  |o научно-технический журнал  |f Санкт-Петербургский институт точной механики и оптики (Технический университет)  |v Т. 39, № 5/6  |d 1958-1991, 1993- 
464 |t Проблемы оптики и механики в современных высоких технологиях и медицинском приборостроении  |o тематический выпуск 
801 0 |a RU  |b 63413507  |c 20010227  |g PSBO 
801 1 |a RU  |b 63413507  |c 20130208 
801 2 |a RU  |b 63413507  |c 20190429  |g RCR 
942 |c BK 
999 |a НТБ_ТПУ  |b НФ  |e -4/20130109  |p П-6307м  |u 0,00  |v 1